[Event "ICS Rated blitz match"]
[Site "204.178.125.65"]
[Date "1999.11.11"]
[Round "?"]
[White "MissSilicon"]
[Black "Hossa"]
[Result "0-1"]
[WhiteElo "2726"]
[BlackElo "2438"]
[PlyCount "180"]
[EventDate "1999.??.??"]

1. Nf3 d5 2. c4 e6 3. g3 Nf6 4. Bg2 dxc4 5. Qa4+ Nbd7 6. O-O Be7 7. Qxc4 e5 8.
Nc3 O-O 9. e4 c5 10. Qb3 b6 11. d3 Bb7 12. Bh3 Qc7 13. Nh4 Rad8 14. Nf5 Rfe8
15. Bg5 a6 16. f4 Bd6 17. Nxd6 Qxd6 18. Rad1 exf4 19. Bxf4 Ne5 20. Ne2 Qc6 21.
Bxe5 Rxe5 22. Nf4 Qb5 23. Qxb5 axb5 24. Bf5 b4 25. h4 Ba6 26. Kg2 Rd4 27. Kf3
h5 28. Kg2 Kf8 29. Rfe1 Bb5 30. Rf1 Ke7 31. Kg1 Kd6 32. b3 Kc6 33. Rfe1 Kb7 34.
Rf1 Kb8 35. Rfe1 Kc7 36. Bh3 Kb7 37. Bf5 Ka7 38. Rf1 Ba6 39. Rf2 g6 40. Bh3
Nxe4 41. Re2 f6 42. Nxg6 Nxg3 43. Rxe5 fxe5 44. Nxe5 Rxh4 45. Bg2 Ne2+ 46. Kf2
Nd4 47. Ng6 Rg4 48. Be4 Bc8 49. Ne5 Rg5 50. Nf3 Bg4 51. Nxg5 Bxd1 52. Ke3 h4
53. Kd2 Bh5 54. Ke3 Bg4 55. Nf3 Bxf3 56. Bxf3 Nb5 57. Kf4 Nc3 58. Kg4 Nxa2 59.
Bd5 Nc1 60. Kxh4 b5 61. Kg5 Nxd3 62. Kf6 Nb2 63. Ke5 c4 64. bxc4 bxc4 65. Kd4
c3 66. Be4 Ka6 67. Bb1 Ka5 68. Bc2 Na4 69. Kd5 Nb6+ 70. Kd4 Nd7 71. Kd5 Nf6+
72. Kd4 Ng4 73. Bd1 Nh2 74. Ke4 Nf1 75. Kd4 Nd2 76. Kd3 Kb5 77. Bc2 Kc5 78. Ba4
Kd5 79. Bd1 Nb1 80. Bb3+ Kc5 81. Bd1 Na3 82. Ba4 Nb5 83. Bd1 Nd4 84. Ba4 Nc6
85. Bb3 Nd4 86. Ba4 Nf3 87. Bb3 Kb5 88. Bd5 Nd4 89. Be4 c2 90. Kd2 90... b3 {
MissSilicon resigns} 0-1

[Event "ICS rated bullet match"]
[Site "204.178.125.65"]
[Date "1999.11.11"]
[Round "?"]
[White "Hossa"]
[Black "picos"]
[Result "1-0"]
[WhiteElo "2456"]
[BlackElo "2192"]
[PlyCount "57"]
[EventDate "1999.??.??"]

1. e4 c6 2. d4 d5 3. exd5 cxd5 4. c4 Nf6 5. Nc3 Nc6 6. Bg5 e6 7. Nf3 Be7 8. Be2
dxc4 9. Bxc4 O-O 10. O-O b6 11. Rc1 Bb7 12. Re1 Rc8 13. Qa4 Nb4 14. Be2 Nbd5
15. Qxa7 Qd7 16. Bb5 Qd6 17. Qxb7 Rb8 18. Qc6 Qb4 19. Re5 h6 20. Bxf6 Bxf6 21.
Nxd5 exd5 22. Rxd5 Qxb2 23. a4 Kh7 24. Re1 Rfc8 25. Qd7 Rd8 26. Bd3+ Kg8 27.
Qxd8+ Rxd8 28. Rxd8+ Bxd8 29. Re8# {picos checkmated} 1-0

[Event "ICS rated blitz match"]
[Site "204.178.125.65"]
[Date "1999.11.11"]
[Round "?"]
[White "Hossa"]
[Black "marabu"]
[Result "1/2-1/2"]
[WhiteElo "2465"]
[BlackElo "2249"]
[PlyCount "34"]
[EventDate "1999.??.??"]

1. e4 d6 2. d4 g6 3. Nc3 Bg7 4. f4 Nd7 5. Nf3 c6 6. Bd3 e5 7. dxe5 dxe5 8. fxe5
Nxe5 9. Nxe5 Bxe5 10. O-O Qh4 11. g3 Bxg3 12. hxg3 Qxg3+ 13. Kh1 Qh3+ 14. Kg1
Qg3+ 15. Kh1 Qh3+ 16. Kg1 Qg3+ 17. Kh1 17... Qh3+ {Game drawn by repetition}
1/2-1/2

[Event "ICS rated blitz match"]
[Site "204.178.125.65"]
[Date "1999.11.11"]
[Round "?"]
[White "marabu"]
[Black "Hossa"]
[Result "0-1"]
[WhiteElo "2258"]
[BlackElo "2456"]
[PlyCount "138"]
[EventDate "1999.??.??"]

1. c4 Nf6 2. Nc3 d5 3. cxd5 Nxd5 4. e4 Nb4 5. a3 Nd3+ 6. Bxd3 Qxd3 7. Qe2 Qd8
8. Nf3 Nc6 9. O-O e5 10. Nd5 Bd6 11. d3 Bg4 12. Be3 O-O 13. h3 Bh5 14. g4 Bg6
15. Rfc1 Qd7 16. Kg2 Na5 17. Qc2 c6 18. Nb4 Qe6 19. Rd1 Nb3 20. Rab1 f6 21. Na2
Rfd8 22. Nc3 Bf7 23. Ne2 c5 24. Ng3 Bc7 25. Nf5 Bb6 26. g5 Rd7 27. gxf6 Qxf6
28. Kh2 Nd4 29. N3xd4 cxd4 30. Bc1 Rc7 31. Qe2 Ba2 32. Ra1 Be6 33. Qg4 Rc2 34.
Rd2 Rac8 35. Rxc2 Rxc2 36. Bg5 Bxf5 37. exf5 Rxf2+ 38. Kg3 Qxf5 39. Qxf5 Rxf5
40. Bd2 Bc7 41. Kg2 Bd8 42. Rc1 Bh4 43. Be1 Bxe1 44. Rxe1 g5 45. Rc1 Kg7 46.
Rc7+ Rf7 47. Rc5 Kf6 48. Kf3 Ke6+ 49. Ke2 h5 50. Rc8 g4 51. hxg4 hxg4 52. Rg8
Kf5 53. Kf2 Kf4 54. b4 a6 55. Rg6 Rh7 56. Kg2 Rh3 57. Rf6+ Kg5 58. Re6 Kf5 59.
Rb6 Rxd3 60. Rxb7 Rxa3 61. Rf7+ Ke4 62. Kf2 Rf3+ 63. Rxf3 gxf3 64. Kg3 d3 65.
Kf2 d2 66. Kg3 d1=Q 67. Kg4 Qg1+ 68. Kh5 Kf5 69. Kh6 69... Qg6# {
marabu checkmated} 0-1

[Event "ICS rated blitz match"]
[Site "204.178.125.65"]
[Date "1999.11.11"]
[Round "?"]
[White "Hossa"]
[Black "marabu"]
[Result "1/2-1/2"]
[WhiteElo "2464"]
[BlackElo "2250"]
[PlyCount "33"]
[EventDate "1999.??.??"]

1. e4 d6 2. d4 g6 3. Nc3 Bg7 4. f4 Nd7 5. Nf3 c6 6. Bd3 e5 7. dxe5 dxe5 8. fxe5
Nxe5 9. Nxe5 Bxe5 10. O-O Qh4 11. g3 Bxg3 12. hxg3 Qxg3+ 13. Kh1 Qh3+ 14. Kg1
Qg3+ 15. Kh1 Qh3+ 16. Kg1 Qg3+ 17. Kh1 {Game drawn by repetition} 1/2-1/2

[Event "ICS rated blitz match"]
[Site "204.178.125.65"]
[Date "1999.11.11"]
[Round "?"]
[White "Hossa"]
[Black "marabu"]
[Result "1/2-1/2"]
[WhiteElo "2463"]
[BlackElo "2251"]
[PlyCount "31"]
[EventDate "1999.??.??"]

1. e4 d6 2. d4 g6 3. Nc3 Bg7 4. f4 c6 5. Nf3 Nd7 6. Bd3 e5 7. dxe5 dxe5 8. fxe5
Nxe5 9. Nxe5 Bxe5 10. O-O Qh4 11. g3 Bxg3 12. hxg3 Qxg3+ 13. Kh1 Qh3+ 14. Kg1
Qg3+ 15. Kh1 Qh3+ 16. Kg1 {Game drawn by mutual agreement} 1/2-1/2

[Event "ICS rated blitz match"]
[Site "204.178.125.65"]
[Date "1999.11.11"]
[Round "?"]
[White "marabu"]
[Black "Hossa"]
[Result "0-1"]
[WhiteElo "2260"]
[BlackElo "2454"]
[PlyCount "52"]
[EventDate "1999.??.??"]

1. Nf3 d5 2. g3 c6 3. Bg2 Bg4 4. d3 Nd7 5. O-O e5 6. Nbd2 Ngf6 7. e4 Bc5 8. c3
O-O 9. Qc2 Qe7 10. h3 Bh5 11. b4 Bb6 12. a3 a5 13. Bb2 Rfe8 14. Rfe1 Ra7 15.
Nh4 axb4 16. axb4 Rea8 17. Nf5 Qf8 18. Bf3 Bg6 19. g4 Bxf5 20. gxf5 Rxa1 21.
Rxa1 Rxa1+ 22. Bxa1 g6 23. fxg6 fxg6 24. Kg2 Nh5 25. Bxh5 Qxf2+ 26. Kh1 26...
Qg1# {marabu checkmated} 0-1

[Event "ICS rated blitz match"]
[Site "204.178.125.65"]
[Date "1999.11.11"]
[Round "?"]
[White "Hossa"]
[Black "marabu"]
[Result "1/2-1/2"]
[WhiteElo "2462"]
[BlackElo "2252"]
[PlyCount "33"]
[EventDate "1999.??.??"]

1. e4 d6 2. d4 g6 3. Nc3 Bg7 4. f4 c6 5. Nf3 Nd7 6. Bd3 e5 7. dxe5 dxe5 8. fxe5
Nxe5 9. Nxe5 Bxe5 10. O-O Qh4 11. g3 Bxg3 12. hxg3 Qxg3+ 13. Kh1 Qh3+ 14. Kg1
Qg3+ 15. Kh1 Qh3+ 16. Kg1 Qg3+ 17. Kh1 {Game drawn by repetition} 1/2-1/2

[Event "ICS rated blitz match"]
[Site "204.178.125.65"]
[Date "1999.11.11"]
[Round "?"]
[White "marabu"]
[Black "Hossa"]
[Result "0-1"]
[WhiteElo "2261"]
[BlackElo "2453"]
[PlyCount "112"]
[EventDate "1999.??.??"]

1. d4 Nf6 2. c3 g6 3. g3 Bg7 4. Bg2 d5 5. Na3 Bg4 6. h3 Bf5 7. Nc2 Be4 8. Nf3
O-O 9. O-O Nbd7 10. Bf4 c5 11. e3 Rc8 12. Ne5 Bxg2 13. Kxg2 Qb6 14. Rb1 Qe6 15.
g4 Nxe5 16. Bxe5 Qa6 17. a3 Qe6 18. Ne1 cxd4 19. exd4 Rfe8 20. Nf3 Rc6 21. Qd3
Qd7 22. Rfe1 Rf8 23. Nd2 e6 24. Re2 Qe7 25. Qg3 Rfc8 26. Rbe1 Rb6 27. Rb1 Rb5
28. Qd3 Ra5 29. f3 Bh6 30. f4 Nd7 31. g5 Nxe5 32. dxe5 Bg7 33. Nf3 Ra4 34. Nd4
Rac4 35. Rc1 Qc5 36. h4 Rxd4 37. cxd4 Qxc1 38. Qd2 Qxd2 39. Rxd2 Rc1 40. Kg3 h5
41. Kg2 Bf8 42. Kg3 a5 43. Kg2 b5 44. Kg3 b4 45. a4 b3 46. Rd3 Rc4 47. Rxb3
Rxd4 48. Rb8 Rxa4 49. b3 Ra3 50. Kf3 a4 51. Ke2 Rxb3 52. Ra8 a3 53. Kd2 Rh3 54.
Kc2 Rxh4 55. Ra4 Rg4 56. Kd3 56... h4 {marabu resigns} 0-1

[Event "ICS rated blitz match"]
[Site "204.178.125.65"]
[Date "1999.11.11"]
[Round "?"]
[White "Hossa"]
[Black "marabu"]
[Result "1-0"]
[WhiteElo "2461"]
[BlackElo "2253"]
[PlyCount "145"]
[EventDate "1999.??.??"]

1. e4 d6 2. d4 Nf6 3. Bd3 g6 4. Nf3 Bg7 5. Bf4 O-O 6. O-O Nc6 7. Nc3 Nxd4 8.
Nxd4 e5 9. Be3 exd4 10. Bxd4 c5 11. Bxf6 Qxf6 12. Bc4 Qd4 13. Bd5 a6 14. Qf3
Ra7 15. Rfd1 Qb4 16. Rab1 Qb6 17. Qf4 Qc7 18. Ne2 Be5 19. Qh6 Be6 20. c3 b5 21.
Nf4 Bxf4 22. Qxf4 Rd8 23. Qh6 Qe7 24. Qd2 Rad7 25. Qf4 Kg7 26. a4 Qf6 27. Qxf6+
Kxf6 28. axb5 Bxd5 29. Rxd5 axb5 30. Rbd1 Ke6 31. f4 f6 32. g4 Ra8 33. b4 Rc8
34. h3 cxb4 35. cxb4 Rc4 36. R1d4 Rxd4 37. f5+ gxf5 38. gxf5+ Ke7 39. Rxd4 d5
40. Kf2 dxe4 41. Rxe4+ Kf7 42. Kf3 Rd3+ 43. Kg4 Rb3 44. Rd4 Ke7 45. h4 Rb1 46.
Kh5 Rf1 47. Rd5 Rf4 48. Rxb5 Kd6 49. Rb7 Rxf5+ 50. Kh6 Rf4 51. h5 Rh4 52. b5 f5
53. Kg5 Rb4 54. Kxf5 h6 55. Kg6 Rg4+ 56. Kxh6 Kc5 57. Kh7 Rg1 58. h6 Rg2 59.
Kh8 Kd6 60. b6 Kc6 61. Rc7+ Kxb6 62. Rc8 Kb7 63. Rg8 Rh2 64. Rg6 Kc7 65. Kg7
Kd7 66. h7 Rxh7+ 67. Kxh7 Ke7 68. Kg8 Kd7 69. Kf8 Kc7 70. Ke8 Kb7 71. Kd7 Ka7
72. Kc8 Ka8 73. Ra6# {marabu checkmated} 1-0

[Event "ICS unrated blitz match"]
[Site "204.178.125.65"]
[Date "1999.11.11"]
[Round "?"]
[White "Hossa"]
[Black "Moron"]
[Result "0-1"]
[WhiteElo "2450"]
[BlackElo "2737"]
[PlyCount "168"]
[EventDate "1999.??.??"]

1. d4 d5 2. c4 dxc4 3. Nf3 Nf6 4. e3 e6 5. Bxc4 c5 6. O-O a6 7. a4 Nc6 8. Qe2
cxd4 9. Rd1 Be7 10. exd4 O-O 11. Nc3 Nd5 12. Ne5 Ncb4 13. Qg4 Nf6 14. Qh4 Nc2
15. Rb1 Bd7 16. Bg5 Nb4 17. d5 exd5 18. Nxd5 Nbxd5 19. Bxd5 Nxd5 20. Bxe7 Nxe7
21. Rxd7 Ng6 22. Qd4 Qc8 23. Nxg6 hxg6 24. Rd1 Qc6 25. b3 Rfe8 26. Qb4 b5 27.
R7d6 Qc7 28. axb5 axb5 29. R6d5 Qc2 30. Qxb5 Rab8 31. Qa5 Rxb3 32. Rd8 Rb8 33.
Rxe8+ Rxe8 34. Qd5 Qc3 35. g3 Qb2 36. Qd7 Qe2 37. Ra1 Qe5 38. Ra7 Qe1+ 39. Kg2
Qe4+ 40. f3 Qe2+ 41. Kh3 Qf1+ 42. Kh4 Rf8 43. Qd5 Qg1 44. Qa2 Qe3 45. f4 Qc5
46. Qa5 Qc2 47. h3 Qd3 48. Qe5 Qd8+ 49. Qg5 Qd4 50. Qe7 Qd1 51. Ra5 Rc8 52. Rb5
Rd8 53. g4 Qd4 54. Re5 Rb8 55. Qc7 Qf2+ 56. Kg5 Qg3 57. f5 Qxe5 58. Qxe5 f6+
59. Qxf6 gxf6+ 60. Kxg6 Rb6 61. h4 Rd6 62. h5 Rc6 63. Kh6 Kf7 64. g5 fxg5+ 65.
Kxg5 Rc2 66. h6 Rh2 67. f6 Rh3 68. h7 Rxh7 69. Kf5 Rh6 70. Ke5 Rh5+ 71. Kd4
Kxf6 72. Ke4 Ke6 73. Kd4 Rh4+ 74. Ke3 Kd5 75. Kf3 Re4 76. Kg3 Kd4 77. Kf3 Kd3
78. Kf2 Re3 79. Kf1 Re2 80. Kg1 Ke3 81. Kf1 Kf3 82. Kg1 Re3 83. Kh1 Kg3 84. Kg1
84... Re1# {Hossa checkmated} 0-1

[Event "ICS rated blitz match"]
[Site "204.178.125.65"]
[Date "1999.11.11"]
[Round "?"]
[White "Data"]
[Black "Hossa"]
[Result "1-0"]
[WhiteElo "2767"]
[BlackElo "2450"]
[PlyCount "117"]
[EventDate "1999.??.??"]

1. e4 d5 2. exd5 Qxd5 3. Nc3 Qe6+ 4. Be2 Qg6 5. Bf3 e5 6. Qe2 Qd6 7. Nb5 Qe7 8.
Qe3 c5 9. Ne2 Nf6 10. d3 Nc6 11. O-O Nb4 12. Qd2 c4 13. a3 Nxc2 14. Qxc2 cxd3
15. Qxd3 e4 16. Bxe4 a6 17. Nbc3 Nxe4 18. Nxe4 Bg4 19. Nd4 Qd8 20. f3 Bh5 21.
Qc3 Bg6 22. Nb3 f6 23. Nec5 Be7 24. Re1 O-O 25. Nxb7 Qb6+ 26. N7c5 Bd6 27. Qb4
Qxb4 28. axb4 Bf7 29. Rd1 Rfd8 30. Rd2 Be7 31. Rxd8+ Rxd8 32. Rxa6 Bc4 33. Ra1
Rd1+ 34. Kf2 Bxb3 35. Nxb3 Bxb4 36. Be3 Rxa1 37. Nxa1 Bd6 38. f4 g5 39. Kf3 Kf7
40. Nc2 Ke6 41. fxg5 fxg5 42. Bxg5 Bxh2 43. g3 Bg1 44. Be3 Bxe3 45. Nxe3 Ke5
46. g4 Kd4 47. b4 Ke5 48. g5 Ke6 49. Ke4 Kd7 50. Nf5 Kc6 51. b5+ Kb7 52. g6 h5
53. g7 Kb6 54. g8=Q Kc5 55. b6 Kb4 56. b7 Kc3 57. b8=Q h4 58. Qa2 h3 59. Qbb2#
{Hossa checkmated} 1-0

[Event "ICS rated blitz match"]
[Site "204.178.125.65"]
[Date "1999.11.11"]
[Round "?"]
[White "Hossa"]
[Black "PackMaster"]
[Result "0-1"]
[WhiteElo "2446"]
[BlackElo "2515"]
[PlyCount "186"]
[EventDate "1999.??.??"]

1. e4 d5 2. exd5 Qxd5 3. Nc3 Qe5+ 4. Be2 Qg5 5. Bf3 Qh4 6. d4 e6 7. Nge2 Nf6 8.
Nb5 Na6 9. Bf4 c6 10. Nd6+ Bxd6 11. Bxd6 Ne4 12. Bxe4 Qxe4 13. O-O Qd5 14. Ba3
Bd7 15. Qd3 Qb5 16. c4 Qf5 17. Qg3 Rg8 18. Rae1 O-O-O 19. Be7 Rde8 20. Qa3 Qc2
21. b3 Qd2 22. Bd6 Rd8 23. Bf4 Qc2 24. Qe7 Qxa2 25. Qxf7 Qxb3 26. Rc1 Qd3 27.
Rfe1 Rde8 28. Bd6 Qf5 29. Qxf5 exf5 30. d5 g5 31. Nd4 Rxe1+ 32. Rxe1 cxd5 33.
cxd5 Rg6 34. Ne6 b5 35. f4 h6 36. Rc1+ Kb7 37. Re1 b4 38. Re3 Ka8 39. Nc7+ Nxc7
40. Bxc7 Ra6 41. Re7 Ra1+ 42. Kf2 Ra2+ 43. Kg3 Bb5 44. Rf7 b3 45. Rf8+ Kb7 46.
Be5 gxf4+ 47. Kxf4 b2 48. Rf7+ Kc8 49. Bxb2 Rxb2 50. Rxa7 Rxg2 51. Kxf5 Rxh2
52. d6 Bd7+ 53. Kf4 Re2 54. Rc7+ Kd8 55. Rb7 Re6 56. Rb8+ Bc8 57. Rb6 Ke8 58.
Rc6 Bd7 59. Rb6 Kf7 60. Ra6 Rf6+ 61. Ke3 Ke6 62. Kd4 Rf5 63. Ra8 Kxd6 64. Ke4
Rf6 65. Ra5 Bc6+ 66. Kd4 Re6 67. Rf5 Re4+ 68. Kc3 Re5 69. Rf6+ Re6 70. Rf5 Be4
71. Rh5 Rf6 72. Kd4 Bf5 73. Rh4 Ke6 74. Kc3 Ke5 75. Rh5 Rd6 76. Kc4 Kf4 77. Kc5
Re6 78. Rh2 Be4 79. Kd4 Bf3 80. Kc5 h5 81. Rd2 h4 82. Rd7 h3 83. Rh7 Kg3 84.
Rg7+ Kf2 85. Rh7 Re5+ 86. Kb6 Rh5 87. Rd7 h2 88. Re7 h1=Q 89. Ra7 Qb1+ 90. Kc7
Rh7+ 91. Kd6 Qb6+ 92. Ke5 Rh5+ 93. Kf4 93... Qf6# {Hossa checkmated} 0-1

[Event "ICS unrated blitz match"]
[Site "204.178.125.65"]
[Date "1999.11.11"]
[Round "?"]
[White "Moron"]
[Black "Hossa"]
[Result "1-0"]
[WhiteElo "2714"]
[BlackElo "2429"]
[PlyCount "129"]
[EventDate "1999.??.??"]

1. d4 Nf6 2. c4 e6 3. Nc3 Bb4 4. e3 O-O 5. Bd3 d5 6. Nf3 b6 7. O-O Ba6 8. cxd5
Bxd3 9. Qxd3 exd5 10. Bd2 c5 11. dxc5 bxc5 12. a3 Bxc3 13. Bxc3 Nbd7 14. b4 c4
15. Qd4 Qe7 16. Rfd1 Qe4 17. Rac1 Qxd4 18. Nxd4 Rfc8 19. Nf5 Re8 20. g4 h6 21.
h4 Ne5 22. g5 hxg5 23. hxg5 Ne4 24. Bxe5 Rxe5 25. Rxd5 Rxd5 26. Ne7+ Kf8 27.
Nxd5 Rc8 28. g6 f5 29. Kf1 Rd8 30. Nf4 Ke7 31. Ke1 Nd6 32. Rd1 Nb7 33. Rxd8
Nxd8 34. Nh5 Nc6 35. f4 Kf8 36. Kd2 Ne7 37. Ng3 Ke8 38. Kc3 Nd5+ 39. Kd4 Ne7
40. Kxc4 Kd7 41. Nh5 Ke6 42. Kc5 Nxg6 43. Nxg7+ Kf6 44. Ne8+ Ke6 45. Nd6 Nh4
46. Nb5 Ng2 47. Nd4+ Kf7 48. Nc2 Nh4 49. Kc6 Nf3 50. b5 Nd2 51. Kb7 Ne4 52. Nd4
Kg7 53. Kxa7 Kf6 54. b6 Nc5 55. b7 Nd7 56. Nc6 Ke6 57. Ne5 Nxe5 58. fxe5 Kf7
59. b8=Q Kg6 60. Qg8+ Kh5 61. e6 Kh4 62. e7 Kh3 63. e8=Q Kh4 64. Qe7+ Kh3 65.
Qeh7# {Hossa checkmated} 1-0

[Event "ICS rated standard match"]
[Site "204.178.125.65"]
[Date "1999.11.11"]
[Round "?"]
[White "Moron"]
[Black "Hossa"]
[Result "1-0"]
[WhiteElo "2574"]
[BlackElo "2362"]
[PlyCount "89"]
[EventDate "1999.??.??"]

1. e4 c5 2. Nf3 Nc6 3. d4 cxd4 4. Nxd4 e5 5. Nb5 d6 6. c4 Be7 7. N1c3 a6 8. Na3
Be6 9. Nc2 Nf6 10. Be2 Rc8 11. b3 O-O 12. O-O b5 13. cxb5 Na7 14. Bb2 Nxb5 15.
Nxb5 axb5 16. Bd3 d5 17. exd5 Qxd5 18. Ne3 Qc5 19. Qe2 b4 20. Nf5 e4 21. Bxe4
Bd8 22. Rfc1 Qa5 23. Rxc8 Bxc8 24. Nd6 Nxe4 25. Qxe4 Be6 26. Nb7 Qg5 27. Nxd8
Bd5 28. h4 Bxe4 29. hxg5 Rxd8 30. Rc1 Bf5 31. Rc4 Rd2 32. Bd4 Rxa2 33. Rxb4 Ra8
34. Kh2 Be6 35. Rb6 Rd8 36. Bc5 Bd5 37. b4 Be4 38. Kg3 Rc8 39. Ra6 Rc7 40. f3
Bc6 41. b5 Bb7 42. Rd6 h5 43. Bd4 Kf8 44. g6 fxg6 45. Rxg6 {Hossa resigns} 1-0

[Event "ICS rated blitz match"]
[Site "204.178.125.65"]
[Date "1999.11.11"]
[Round "?"]
[White "Hossa"]
[Black "Zippy"]
[Result "1-0"]
[WhiteElo "2429"]
[BlackElo "2313"]
[PlyCount "125"]
[EventDate "1999.??.??"]

1. e4 e6 2. d4 d5 3. Nc3 Bb4 4. e5 c5 5. Bd2 Ne7 6. a3 cxd4 7. axb4 dxc3 8.
Bxc3 Qc7 9. Nf3 Ng6 10. b5 Nd7 11. Qd4 Nc5 12. Be2 b6 13. O-O Bb7 14. Ra3 Nd7
15. Rfa1 Bc8 16. Rd1 Bb7 17. Qe3 Qb8 18. Rda1 Rg8 19. Bd4 h6 20. Bd3 Ne7 21. c3
g5 22. Rd1 g4 23. Nh4 Qc7 24. Qxh6 Nxe5 25. Bh7 Rf8 26. Rda1 Nc4 27. Rxa7 Rxa7
28. Rxa7 e5 29. b3 exd4 30. bxc4 dxc3 31. Nf5 Nxf5 32. Bxf5 Qe7 33. Qe3 Qxe3
34. fxe3 Bc8 35. Bxc8 c2 36. Ra1 g3 37. cxd5 gxh2+ 38. Kxh2 Rh8+ 39. Bh3 Rh5
40. e4 f5 41. exf5 Rh4 42. g4 Rh7 43. d6 Ra7 44. Rc1 Rd7 45. Rxc2 Rxd6 46. Rc6
Ke7 47. Rxd6 Kxd6 48. f6 Ke6 49. g5+ Kd5 50. f7 Kc5 51. f8=Q+ Kd5 52. Be6+ Kxe6
53. Qf6+ Kd5 54. Qxb6 Kc4 55. Qd4+ Kxd4 56. b6 Kd5 57. b7 Ke5 58. b8=Q+ Ke6 59.
Qb5 Kf7 60. Qe5 Kf8 61. Qc7 Ke8 62. g6 Kf8 63. Qf7# {Zippy checkmated} 1-0

[Event "ICS rated blitz match"]
[Site "204.178.125.65"]
[Date "1999.11.11"]
[Round "?"]
[White "Hossa"]
[Black "Data"]
[Result "0-1"]
[WhiteElo "2440"]
[BlackElo "2752"]
[PlyCount "134"]
[EventDate "1999.??.??"]

1. e4 e5 2. Nf3 Nc6 3. Bb5 a6 4. Bxc6 dxc6 5. O-O f6 6. d4 exd4 7. Nxd4 c5 8.
Nb3 Qxd1 9. Rxd1 Bg4 10. f3 Be6 11. Be3 b6 12. Nc3 Bd6 13. a4 Kf7 14. a5 c4 15.
Nd4 b5 16. Nxe6 Kxe6 17. Ne2 Ne7 18. Bf4 Rad8 19. Bxd6 Rxd6 20. Rxd6+ cxd6 21.
Rd1 b4 22. Nf4+ Kd7 23. Nh5 Rb8 24. Nxg7 Rb5 25. Rd4 c3 26. b3 Rg5 27. Nf5 Nxf5
28. exf5 Rxf5 29. Rxb4 Rxa5 30. Rc4 Rc5 31. Rxc5 dxc5 32. Kf2 Kc6 33. Ke3 Kb5
34. Kd3 Kb4 35. g4 a5 36. f4 c4+ 37. bxc4 a4 38. c5 a3 39. c6 a2 40. c7 a1=Q
41. c8=Q Qd1+ 42. Ke3 Qxc2 43. Qb7+ Ka3 44. Qa6+ Kb2 45. Qb6+ Kc1 46. Qxf6 Qd2+
47. Kf3 Qd3+ 48. Kf2 Kd1 49. Qc6 Qd4+ 50. Kg3 c2 51. Qf3+ Kd2 52. Qg2+ Kc3 53.
Qc6+ Kd3 54. Kh4 Qxf4 55. Qb5+ Kd2 56. Qb2 Qh6+ 57. Kg3 Qe3+ 58. Kh4 Kd1 59.
Qb7 c1=Q 60. Qh1+ Qe1+ 61. Qxe1+ Kxe1 62. Kg3 Qe3+ 63. Kh4 h6 64. g5 Qxg5+ 65.
Kh3 Qg7 66. Kh4 Qg2 67. h3 67... Qg5# {Hossa checkmated} 0-1

[Event "ICS rated blitz match"]
[Site "204.178.125.65"]
[Date "1999.11.11"]
[Round "?"]
[White "Kengtin"]
[Black "Hossa"]
[Result "0-1"]
[WhiteElo "2084"]
[BlackElo "2435"]
[PlyCount "42"]
[EventDate "1999.??.??"]

1. d4 Nf6 2. Nf3 e6 3. Bg5 h6 4. Bxf6 Qxf6 5. Nbd2 d5 6. e4 Be7 7. e5 Qf4 8. g3
Qf5 9. h3 f6 10. Nh4 Qg5 11. Bd3 f5 12. Ndf3 Qh5 13. g4 Qf7 14. gxf5 exf5 15.
Rg1 g5 16. Ng2 Be6 17. c3 Nc6 18. Ne3 O-O-O 19. Qa4 f4 20. Nc2 Qh5 21. a3 21...
Qxf3 {Kengtin resigns} 0-1

[Event "ICS rated standard match"]
[Site "204.178.125.65"]
[Date "1999.11.11"]
[Round "?"]
[White "Hossa"]
[Black "Evilone"]
[Result "1-0"]
[WhiteElo "2355"]
[BlackElo "2091"]
[PlyCount "61"]
[EventDate "1999.??.??"]

1. e4 e6 2. d4 f5 3. e5 d6 4. Nf3 Nc6 5. Bd3 dxe5 6. dxe5 Bc5 7. Nc3 a6 8. O-O
Nge7 9. a3 O-O 10. Bg5 Qe8 11. b4 Ba7 12. Re1 h6 13. Be3 Qh5 14. Bxa7 Rxa7 15.
b5 Nb8 16. Bc4 g5 17. b6 cxb6 18. Qd6 Nbc6 19. Bxe6+ Kg7 20. Nd4 Rd8 21. Qc7
Rxd4 22. Bxc8 Ra8 23. Bxb7 Ra7 24. Qxb6 Rxb7 25. Qxb7 Rh4 26. h3 g4 27. Nd5 Kf7
28. e6+ Kf8 29. Nf6 Qg6 30. Nd7+ Kg8 31. Qa8+ {Evilone resigns} 1-0

[Event "ICS rated blitz match"]
[Site "204.178.125.65"]
[Date "1999.11.11"]
[Round "?"]
[White "tryany1"]
[Black "Hossa"]
[Result "0-1"]
[WhiteElo "2079"]
[BlackElo "2443"]
[PlyCount "92"]
[EventDate "1999.??.??"]

1. d4 Nf6 2. c4 g6 3. f3 Nc6 4. d5 Ne5 5. e4 d6 6. f4 Ned7 7. Nc3 Bg7 8. Bd3
Nc5 9. Bc2 c6 10. Rb1 cxd5 11. cxd5 O-O 12. b4 Bg4 13. Nf3 Ncd7 14. h3 Bxf3 15.
Qxf3 e6 16. O-O Rc8 17. Bb2 exd5 18. exd5 Nxd5 19. Qxd5 Qb6+ 20. Kh1 Bxc3 21.
Bxc3 Rxc3 22. Be4 Nf6 23. Qxb7 Re8 24. Qxb6 axb6 25. Bf3 Rc2 26. a4 h6 27. a5
bxa5 28. bxa5 d5 29. Ra1 Ne4 30. Kh2 Nd2 31. Rf2 Nxf3+ 32. Rxf3 Ree2 33. a6
Rxg2+ 34. Kh1 Rh2+ 35. Kg1 Rcg2+ 36. Kf1 Ra2 37. Rxa2 Rxa2 38. Rd3 Rxa6 39.
Rxd5 Ra4 40. f5 Rf4+ 41. Kg2 Rxf5 42. Rxf5 gxf5 43. Kg3 f4+ 44. Kxf4 f6 45. Kf5
Kf7 46. h4 46... h5 {tryany1 resigns} 0-1

[Event "ICS rated blitz match"]
[Site "204.178.125.65"]
[Date "1999.11.11"]
[Round "?"]
[White "tryany1"]
[Black "Hossa"]
[Result "0-1"]
[WhiteElo "2072"]
[BlackElo "2450"]
[PlyCount "60"]
[EventDate "1999.??.??"]

1. d4 Nf6 2. c4 g6 3. f3 Nc6 4. d5 Ne5 5. e4 d6 6. Nc3 Bg7 7. Be3 c6 8. Qd2
cxd5 9. cxd5 Bd7 10. g4 O-O 11. h3 Be8 12. f4 Ned7 13. Nge2 Nb6 14. Ng3 Rc8 15.
b3 Rxc3 16. Qxc3 Nfxd5 17. Qc1 Nxe3 18. Rb1 Nxf1 19. Kxf1 Bb5+ 20. Kg2 Bd3 21.
Rb2 Bxb2 22. Qxb2 d5 23. e5 Ba6 24. h4 Qd7 25. h5 Qxg4 26. hxg6 fxg6 27. f5
Rxf5 28. Kh2 Rf3 29. Qg2 Qf4 30. Qh3 30... Qd2+ {tryany1 resigns} 0-1

[Event "ICS rated blitz match"]
[Site "204.178.125.65"]
[Date "1999.11.11"]
[Round "?"]
[White "tryany1"]
[Black "Hossa"]
[Result "0-1"]
[WhiteElo "2066"]
[BlackElo "2456"]
[PlyCount "54"]
[EventDate "1999.??.??"]

1. d4 Nf6 2. c4 g6 3. f3 Nc6 4. e4 e5 5. Ne2 exd4 6. Nxd4 Nxd4 7. Qxd4 d6 8.
Nc3 Bg7 9. Bg5 h6 10. Be3 b6 11. Qd2 Be6 12. g3 Nd7 13. Be2 Ne5 14. Bd4 c5 15.
Bxe5 dxe5 16. Nd5 O-O 17. O-O Kh8 18. Rfd1 f5 19. Ne3 fxe4 20. fxe4 Qd4 21. Qd3
Qxb2 22. Rdb1 Qd4 23. Kg2 Rad8 24. Rf1 Qxd3 25. Rxf8+ Bxf8 26. Bxd3 Rxd3 27.
Nd5 27... Rd4 {tryany1 resigns} 0-1

[Event "ICS rated blitz match"]
[Site "204.178.125.65"]
[Date "1999.11.11"]
[Round "?"]
[White "Hossa"]
[Black "tryany1"]
[Result "1-0"]
[WhiteElo "2471"]
[BlackElo "2051"]
[PlyCount "59"]
[EventDate "1999.??.??"]

1. e4 c5 2. Nf3 e6 3. d4 cxd4 4. Nxd4 a6 5. Nc3 Qc7 6. Be3 b5 7. Bd3 b4 8. Na4
Qa5 9. c4 bxc3 10. Nxc3 Nf6 11. Rc1 Bb7 12. Nb3 Qh5 13. Qxh5 Nxh5 14. Na5 Bc6
15. Nxc6 Nxc6 16. O-O Bd6 17. f4 g6 18. e5 Be7 19. Be4 Rc8 20. Na4 Bd8 21. Rfd1
f5 22. Bxc6 dxc6 23. Rd6 Ng7 24. Rdxc6 Ra8 25. Nc5 Rb8 26. Nxe6 Nxe6 27. Rxe6+
Kf7 28. Rxa6 Rxb2 29. e6+ Ke8 30. Bd4 {tryany1 resigns} 1-0

[Event "ICS rated standard match"]
[Site "204.178.125.65"]
[Date "1999.11.11"]
[Round "?"]
[White "Hossa"]
[Black "Evilone"]
[Result "1-0"]
[WhiteElo "2361"]
[BlackElo "2056"]
[PlyCount "61"]
[EventDate "1999.??.??"]

1. e4 e5 2. Nf3 Nf6 3. Nxe5 d6 4. Nf3 Nxe4 5. d4 Bg4 6. Bd3 f5 7. h3 Bh5 8. O-O
d5 9. Re1 Bd6 10. c4 c6 11. cxd5 cxd5 12. Qb3 Bc7 13. Qxb7 O-O 14. Qxa8 Bxf3
15. gxf3 Qd6 16. Kf1 Nxf2 17. Bb5 Nxh3 18. Nc3 Qg3 19. Qxd5+ Kh8 20. Ke2 Qg2+
21. Kd3 Nf2+ 22. Kc4 h6 23. Qc5 Rf7 24. Re8+ Kh7 25. Qxa7 Qxf3 26. Rxb8 Qd3+
27. Kb3 Qf3 28. Rc8 Nd1 29. Rxc7 Nxc3 30. bxc3 Qd1+ 31. Kb4 {Evilone resigns}
1-0

[Event "ICS rated blitz match"]
[Site "204.178.125.65"]
[Date "1999.11.11"]
[Round "?"]
[White "Hossa"]
[Black "Arschloch"]
[Result "1-0"]
[WhiteElo "2477"]
[BlackElo "2258"]
[PlyCount "41"]
[EventDate "1999.??.??"]

1. e4 c5 2. Nf3 d6 3. d4 cxd4 4. Nxd4 Nf6 5. Nc3 g6 6. Be3 Bg7 7. Bc4 Nc6 8.
O-O Ng4 9. Nxc6 bxc6 10. Bf4 Bxc3 11. bxc3 Qa5 12. Be2 Ne5 13. Qd4 O-O 14. Bh6
Rd8 15. f4 c5 16. Qd1 Nc6 17. Qd5 Bb7 18. f5 g5 19. Bh5 Rf8 20. f6 e5 21. Qd2 {
Arschloch resigns} 1-0